Statistics for Alicia Vikander Filmography

Click here to take the quiz!

General Stats

  • This quiz has been taken 3 times
  • The average score is 5 of 47

Answer Stats

Type Year Name % Correct
Film2018Tomb Raider
100%
Film2014Ex Machina
100%
Film2015The Man from U.N.C.L.E.
67%
Film2015The Danish Girl
67%
Film2016The Light Between Oceans
33%
Film2014Testament of Youth
33%
Film2014Seventh Son
33%
Film2017Tulip Fever
33%
Film2012A Royal Affair
33%
Film2015Burnt
33%
TV Show2018Imagine
0%
Documentary2018Anthropocene: The Human Epoch
0%
Short Film2019I Am Easy to Find
0%
Film2016Jason Bourne
0%
Film2019Earthquake Bird
0%
Film2017Moomins and the Winter Wonderland
0%
Film2017Submergence
0%
Film2017Euphoria
0%
TV Short2019One Red Nose Day and a Wedding
0%
Web Series2019The Dark Crystal: Age of Resistance
0%
Film2020The Glorias
0%
Film2020The Green Knight
0%
Film2017Birds Like Us
0%
Film2020Born to Be Murdered
0%
Film2020Blue Bayou
0%
Short Film2018The Magic Diner Pt. II
0%
TV Film2002Min Balsamerade Mor
0%
Short Film2015The Magic Diner
0%
TV Show2008Höök
0%
TV Show2005En Decemberdröm
0%
Short Film2006Standing Outside Doors
0%
Short Film2007The Rain
0%
Short Film2007Darkness of Truth
0%
TV Mini-Series2007Levande Föda
0%
TV Show2007-2008Andra Avenyn
0%
Short Film2008My Name Is Love
0%
Short Film2009Susan's Longing
0%
TV Mini-Series2003The Befallen
0%
Film2010Pure
0%
Film2011The Crown Jewels
0%
Short Film2011Jeu de Chiennes
0%
Film2012Anna Karenina
0%
Film2013The Fifth Estate
0%
Film2013Hotell
0%
Film2014Son of a Gun
0%
Documentary2015Ingrid Bergman: In Her Own Words
0%
Film2021Tomb Raider 2
0%

Score Distribution

Percentile by Number Answered

Percent of People with Each Score

Your Score History

You have not taken this quiz